000 00564nam a2200217Ia 4500
005 20250923145748.0
008 008 250917s9999 xx 000 0 eng d
037 _aTextual
040 _aDSWL
_beng
_cDSWL
041 _aeng
_2eng
084 _aY7:f, N83
_qDSWL
100 _aHamersley, M.
_9838697
245 0 _aEthnography
_cby M.Hamersley
260 _aLondon
_bTowistock
_c1983
300 _ax,273p.
365 _aINR
_b6.5
700 _a Paul Atkinson
_9838698
925 _g6.5
942 _cTEXL
_hY7:f, N83
999 _c1455365
_d1455365